000 00655nam a22001935i 4500
001 53129
003 ES-MaACL
005 20260201063013.0
007 t|
008 950907s1853 fr ||||1| fre d
040 _aCAM
_bspa
_cCAM
100 1 _aDuchesne, Édouard-Adolphe,
_d1804-1869
_945825
245 1 0 _aDe la prostitution dans la ville d'Alger depuis la conquête /
_cpar E. A. Duchesne.
260 _aParis :
_bJ.B. Baillière :
_bGarnier frères,
_c1853 (
_ftypographie de Mme. Ve. Dondey-Dupré)
300 _a231 p. ;
_c23 cm.
650 4 _aProstitución-
_zArgel.
_9152662
852 _aES-MaACL
_jT-693-F-4
999 _c53129
_d53129